00435cam a2200181ua 4500001000500000005001700005008003900022020001500061040000900076041000800085082000800093100002700101245006300128250000900191260003200200300001200232653000900244718120260515114151.0141203n ii |||gr||||Z||||||eng a8180692817 cMAIN aeng a305 aGogoi, N.Kr.,eAuthor.1 aContinuity and change among the AhomcBy Nitul Kumar Gogoi a1st. aNew Delhi:bConcept,c2006. axv,88p. aAhom